Velký rusko-český slovník II K-O
Salvato in:
| Autori principali: | , |
|---|---|
| Natura: | Libro |
| Lingua: | ceco russo |
| Pubblicazione: |
Praha
Nakladatelství Československé akademie věd
1953
|
| Edizione: | 1. vyd. |
| Soggetti: | |
| Accesso online: | Visualizza in OPAC |
| Tags: |
Nessun Tag, puoi essere il primo ad aggiungerne!!
|
MARC
| LEADER | 00000nam a2200000 a 4500 | ||
|---|---|---|---|
| 005 | 20260127134024.0 | ||
| 008 | 000706e1953 xr g d 0 0 cze c | ||
| 035 | |a vtls008545973 | ||
| 035 | |a SAVUKc135377 | ||
| 039 | 9 | |a 201207131218 |b msavuk01 |c 201001220953 |d mspk03 |y 200602032027 |z VLOAD | |
| 040 | |a SAVUK |b slo |c SNK |e AACR2 | ||
| 041 | 1 | |a cze |a rus | |
| 044 | |a xr |c CZ | ||
| 080 | |a 811.161.1(038) |2 2001 | ||
| 080 | |a 811.162.3(038) |2 2001 | ||
| 245 | 0 | 0 | |a Velký rusko-český slovník II |p K-O |c Leontij Vasilievič Kopeckij, Bohuslav Havránek ... [et al.] |
| 246 | 1 | 0 | |a Boľšoj russko-češskij slovar |
| 250 | |a 1. vyd. | ||
| 260 | |a Praha |b Nakladatelství Československé akademie věd |c 1953 | ||
| 300 | |a 740 s. |c 26 cm | ||
| 650 | 0 | 7 | |a ruština |2 SNKPH |
| 650 | 0 | 7 | |a čeština |2 SNKPH |
| 655 | 7 | |a slovníky |2 SNKPH | |
| 700 | 1 | |a Kopeckij, Leontij Vasilievič |4 aut | |
| 700 | 1 | |a Havránek, Bohuslav, |d 1893-1978 |4 aut |9 833 | |
| 910 | |a savuk | ||
| 999 | |c 2280 |d 2280 | ||